000
00341 a2200169 4500
001
186854
020
_a
85-16-00341-8
040
_c
Magnum
100
_a
Guedes, Avelino
240
1
0
_a
Corre-corre
_l
por
245
1
0
_a
Corre-corre
300
_a
15
362
0
_a
1990
440
1
_a
Moderna
697
_a
LITERATURA INFANTIL
942
_c
BK
999
_c
186854
_d
186854